书目信息 |
| 题名: |
甲骨金文与商周史研究
|
|
| 作者: | 张政烺 著 | |
| 分册: | ||
| 出版信息: | 北京 中华书局 2012.04 |
|
| 页数: | 400页 | |
| 开本: | 22cm | |
| 丛书名: | 张政烺文集 | |
| 单 册: | ||
| 中图分类: | K877.14 , K877.34 , K223.07 | |
| 科图分类: | ||
| 主题词: | 甲骨文--中国--商周时代--文集 , 金文--中国--商周时代--文集 , 中国历史--商周时代--文集 , 甲骨文 , 金文 , 中国历史 | |
| 电子资源: | ||
| ISBN: | 978-7-101-08602-7 | |
| 000 | 01052oam2 2200337 450 | |
| 001 | 005278403 | |
| 005 | 20120626100914.96 | |
| 010 | @a978-7-101-08602-7@b精装@dCNY48.00 | |
| 100 | @a20120607d2012 emky0chiy50 ea | |
| 101 | 0 | @achi |
| 102 | @aCN@b110000 | |
| 105 | @af z 000yy | |
| 106 | @ar | |
| 200 | 1 | @a甲骨金文与商周史研究@9jia gu jin wen yu shang zhou shi yan jiu@f张政烺著 |
| 210 | @a北京@c中华书局@d2012.04 | |
| 215 | @a400页@c照片@d22cm | |
| 225 | 2 | @a张政烺文集 |
| 330 | @a本书收录张政烺先生运用甲骨金文研究商周历史的论文及书信共36篇,包括《武王克殷之年》、《哀成叔鼎释文》、《中山王铜壶及鼎铭考释》等内容。 | |
| 461 | 0 | @12001 @a张政烺文集 |
| 606 | 0 | @a甲骨文@y中国@z商周时代@j文集 |
| 606 | 0 | @a金文@y中国@z商周时代@j文集 |
| 606 | 0 | @a中国历史@z商周时代@j文集 |
| 606 | 0 | @a甲骨文 |
| 606 | 0 | @a金文 |
| 606 | 0 | @a中国历史 |
| 690 | @aK877.14@v5 | |
| 690 | @aK877.34@v5 | |
| 690 | @aK223.07@v5 | |
| 701 | 0 | @a张政烺@9zhang zheng lang@4著 |
| 801 | 0 | @aCN@bNLC@c20120607 |
| 905 | @b540639-43@dK877.14@e282@f5 | |
| 甲骨金文与商周史研究/张政烺著.-北京:中华书局,2012.04 |
| 400页:照片;22cm.-(张政烺文集) |
| ISBN 978-7-101-08602-7(精装):CNY48.00 |
| 本书收录张政烺先生运用甲骨金文研究商周历史的论文及书信共36篇,包括《武王克殷之年》、《哀成叔鼎释文》、《中山王铜壶及鼎铭考释》等内容。 |
| ● |
| 相关链接 |
|
|
|
|
正题名:甲骨金文与商周史研究
索取号:K877.14/282
 
预约/预借
| 序号 | 登录号 | 条形码 | 馆藏地/架位号 | 状态 | 备注 |
| 1 | 540639 | 205406390 | 第二样本阅览室/ [索取号:K877.14/282] | 在馆 | |
| 2 | 540640 | 205406407 | 第二借阅区/ [索取号:K877.14/282] | 在馆 | |
| 3 | 540641 | 205406416 | 第二借阅区/ [索取号:K877.14/282] | 在馆 | |
| 4 | 540642 | 205406425 | 第二借阅区/ [索取号:K877.14/282] | 在馆 | |
| 5 | 540643 | 205406434 | 密集书库-史法系/ [索取号:K877.14/282] | 在馆 |